000 00460nam a2200169Ia 4500
003 GCL
008 140319s9999 xx 000 0 ara d
040 _aGCL /
_cGCL
082 0 4 _aط
_b813.02
_bم ق
100 1 _aمكتبة الطفل
245 1 0 _aقصة شجرة التفاح /
_cمكتبة الطفل
490 _aسلسلة البراعم
_v0
650 0 4 _aالاطفال
650 0 4 _aالقصص
650 0 4 _aقصص الاطفال
942 _2ddc
_cBK
999 _c42637
_d42637